Planning and development in Pakistan : review and alternatives, 1947-1982 (Record no. 63108)

000 -LEADER
fixed length control field 00510nam a22001817a 4500
003 - CONTROL NUMBER IDENTIFIER
control field NUST - PNEC
005 - DATE AND TIME OF LATEST TRANSACTION
control field 20170116180804.0
008 - FIXED-LENGTH DATA ELEMENTS--GENERAL INFORMATION
fixed length control field 150421b xxu||||| |||| 00| 0 eng d
020 ## - INTERNATIONAL STANDARD BOOK NUMBER
International Standard Book Number -
040 ## - CATALOGING SOURCE
Transcribing agency LIBRARY
082 ## - DEWEY DECIMAL CLASSIFICATION NUMBER
Classification number 440.5 QUR
100 ## - MAIN ENTRY--PERSONAL NAME
9 (RLIN) 2809
Personal name Qureshi, M. L.
245 ## - TITLE STATEMENT
Title Planning and development in Pakistan : review and alternatives, 1947-1982
Statement of responsibility, etc. M. L. Qureshi
260 ## - PUBLICATION, DISTRIBUTION, ETC.
Place of publication, distribution, etc. Lahore
Name of publisher, distributor, etc. Vanguard Books
Date of publication, distribution, etc. c1984.
300 ## - PHYSICAL DESCRIPTION
Extent 428p. :
650 ## - SUBJECT ADDED ENTRY--TOPICAL TERM
9 (RLIN) 2812
Topical term or geographic name entry element Social policy
General subdivision General
942 ## - ADDED ENTRY ELEMENTS (KOHA)
Source of classification or shelving scheme
Koha item type Book
Holdings
Withdrawn status Lost status Source of classification or shelving scheme Damaged status Not for loan Permanent Location Current Location Shelving location Date acquired Source of acquisition Cost, normal purchase price Total Checkouts Full call number Barcode Date last seen Cost, replacement price Price effective from Koha item type
          Pakistan Navy Engineering College (PNEC) Pakistan Navy Engineering College (PNEC)   05/20/1995 Sasi Book Store 258.00   440.5 QUR PNECLIB-006405 04/21/2015 258.00 05/20/1995 Book
© 2023 Central Library, National University of Sciences and Technology. All Rights Reserved.